SQL : The Complete Reference (Record no. 8488)
[ view plain ]
| 000 -LEADER | |
|---|---|
| fixed length control field | 00450nam a22001217a 4500 |
| 008 - FIXED-LENGTH DATA ELEMENTS--GENERAL INFORMATION | |
| fixed length control field | 200219b ||||| |||| 00| 0 eng d |
| 020 ## - INTERNATIONAL STANDARD BOOK NUMBER | |
| International Standard Book Number | 9781259003882 |
| 082 ## - | |
| Classification number | 005.133 GRT |
| 100 ## - MAIN ENTRY--PERSONAL NAME | |
| Personal name | JAMES, R. GROFF, Paul Weinberg & ANDREW J. Oppel |
| 245 ## - TITLE STATEMENT | |
| Title | SQL : The Complete Reference |
| Remainder of title | Includes Unique SQL Join Syntax Summary |
| Medium | English |
| Form | Paperback |
| Number of part/section of a work | Dimensions: 47.2 x 10.2 x 60.5 cm |
| 250 ## - EDITION STATEMENT | |
| Edition statement | 3RD |
| Remainder of edition statement | July 2017 |
| 260 ## - PUBLICATION, DISTRIBUTION, ETC. (IMPRINT) | |
| Place of publication, distribution, etc | New Delhi |
| Name of publisher, distributor, etc | McGraw Hill Education |
| Withdrawn status | Lost status | Source of classification or shelving scheme | Damaged status | Koha normalized classification for sorting | Not for loan | Koha collection | Location (home branch) | Sublocation or collection (holding branch) | Date acquired | Source of acquisition | Currency | Cost, normal purchase price | Bill Number | Koha issues (times borrowed) | Koha full call number | Piece designation (barcode) | Koha date last seen | Copy number | Actual Cost, discounted price | Bill Date | Koha item type |
|---|---|---|---|---|---|---|---|---|---|---|---|---|---|---|---|---|---|---|---|---|---|
| Dewey Decimal Classification | 005_133000000000000_GRT | B.Tech(CSE) | PIET C-LIBRARY | PIET C-LIBRARY | 19/02/2020 | KIRTI PRAKASHAN NEW DELHI | IN Rupees | 1070.00 | IN5960 | 005.133 GRT | 31664 | 19/02/2020 | 1 | 727.60 | 03/01/2020 | Reference Books |